[Event "EU-chT 24th"]
[Site "Budva"]
[Date "2023.11.11"]
[Round "1.15"]
[White "Tomic, Aleksandar1"]
[Black "Rodshtein, Maxim"]
[Result "0-1"]
[WhiteElo "2411"]
[BlackElo "2582"]
[PlyCount "138"]
[EventDate "2023.11.11"]
[EventType "team-swiss"]
[EventRounds "9"]
[EventCountry "MNE"]
[SourceTitle "CB47_2023"]
[SourceDate "2023.11.22"]
[SourceVersion "1"]
[SourceVersionDate "2023.11.22"]
[SourceQuality "1"]
[WhiteTeam "Montenegro Youth II"]
[BlackTeam "Israel"]
[WhiteTeamCountry "MNE"]
[BlackTeamCountry "ISR"]

1. d4 Nf6 2. Nf3 e6 3. e3 d5 4. Bd3 b6 5. 0-0 Bb7 6. c4 dxc4 7. Bxc4 a6 8. Qe2 c5 9. Rd1 Qc7 10. Nc3 b5 11. Bb3 Nc6 12. d5 exd5 13. e4 d4 14. e5 0-0-0 15. exf6 dxc3 16. Rxd8+ Nxd8 17. bxc3 gxf6 18. a4 Qc6 19. axb5 axb5 20. Bc2 Ne6 21. Bf5 Bd6 22. Ra5 Qd5 23. Bh3 Rg8 24. Kf1 Bc6 25. Ra7 Bc7 26. Be3 Kb8 27. Ra1 Rd8 28. Ne1 Ng5 29. Bg4 Ne4 30. Bf3 f5 31. Qb2 Qc4+ 32. Be2 Qxc3 33. Qa2 Nd2+ 34. Kg1 Nb3 35. Qa7+ Kc8 36. Rb1 Nd4 37. Bxd4 Rxd4 38. Qa6+ Bb7 39. Qxb5 Rb4 40. Qe8+ Bd8 41. Bd3 Rxb1 42. Bxf5+ Kc7 43. Bxb1 Bd5 44. Qe3 Qxe3 45. fxe3 h6 46. Kf2 Kd6 47. Nf3 c4 48. g4 Kc5 49. h4 c3 50. g5 hxg5 51. hxg5 Kb4 52. g6 fxg6 53. Bxg6 Kb3 54. Nd4+ Kb2 55. Nb5 Bh4+ 56. Kg1 c2 57. Bxc2 Kxc2 58. Nd4+ Kd3 59. Nf5 Bg5 60. Kf1 Ke4 61. Nd4 Bxe3 62. Nc2 Bc4+ 63. Ke1 Bg5 64. Nb4 Be7 65. Nc6 Bd6 66. Kd1 Kd3 67. Kc1 Kc3 68. Kd1 Bd5 69. Na7 Kc4 0-1

[Event "EU-Cup 38th"]
[Site "Durres"]
[Date "2023.10.04"]
[Round "4.2"]
[White "Lagarde, Maxime"]
[Black "Rodshtein, Maxim"]
[Result "1-0"]
[WhiteElo "2626"]
[BlackElo "2584"]
[PlyCount "211"]
[EventDate "2023.10.01"]
[EventType "team-swiss"]
[EventRounds "7"]
[EventCountry "ALB"]
[SourceTitle "EXT 2024"]
[Source "ChessBase"]
[SourceDate "2023.10.10"]
[SourceVersion "1"]
[SourceVersionDate "2023.10.10"]
[SourceQuality "1"]
[WhiteTeam "Chartres"]
[BlackTeam "Rishon Le Zzion"]
[WhiteTeamCountry "FRA"]
[BlackTeamCountry "ISR"]

1. e4 e5 2. Nf3 Nc6 3. Bc4 Bc5 4. c3 Nf6 5. d3 d6 6. Bg5 a6 7. a4 Ba7 8. Nbd2 h6 9. Bh4 Qe7 10. b4 g5 11. Bg3 Nh5 12. a5 Qf6 13. Qb3 Ne7 14. 0-0-0 0-0 15. Ne1 c6 16. Nc2 Rd8 17. d4 exd4 18. cxd4 d5 19. e5 Qg6 20. Be2 b6 21. Qf3 g4 22. Qc3 bxa5 23. bxa5 c5 24. dxc5 Bf5 25. Nb3 Rdc8 26. Bd3 Rab8 27. e6 Qg5+ 28. Rd2 Nxg3 29. exf7+ Kxf7 30. fxg3 Bxd3 31. Qxd3 Kg8 32. Re1 Bxc5 33. Kd1 Bb4 34. Nxb4 Rxb4 35. Re6 Rc6 36. Rxc6 Nxc6 37. Qxa6 Rxb3 38. Qxc6 Rb1+ 39. Kc2 Rb2+ 40. Kxb2 Qxd2+ 41. Kb3 Qxa5 42. Qg6+ Kf8 43. Qxh6+ Ke7 44. Qg5+ Kd6 45. Qf6+ Kd7 46. Qg7+ Kd6 47. Qc3 Qd8 48. Qb4+ Kc6 49. Qxg4 Qb6+ 50. Qb4 Qg1 51. Qc3+ Kd6 52. Qf6+ Kc5 53. Qe7+ Kc6 54. Qe6+ Kc5 55. Qc8+ Kd6 56. Qa6+ Kc7 57. Qd3 Qxh2 58. Qxd5 Qxg3+ 59. Kc4 Qf4+ 60. Kd3 Qg3+ 61. Kd4 Qf4+ 62. Qe4 Qd6+ 63. Kc4 Qg3 64. Qd5 Qf4+ 65. Kd3 Qg3+ 66. Ke2 Qg4+ 67. Qf3 Qc4+ 68. Ke3 Qc5+ 69. Ke4 Qe7+ 70. Kf5 Qf7+ 71. Kg5 Qg7+ 72. Kh4 Qh6+ 73. Qh5 Qf4+ 74. g4 Qf6+ 75. Qg5 Qh8+ 76. Kg3 Qc3+ 77. Kf4 Qd2+ 78. Kf5 Qd5+ 79. Kg6 Qe6+ 80. Kh7 Qe4+ 81. Qf5 Qh1+ 82. Kg7 Qh3 83. Qe5+ Kd7 84. g5 Qh4 85. g6 Qh3 86. Qd5+ Ke7 87. Qf7+ Kd8 88. Kg8 Qh4 89. Qe6 Qh2 90. g7 Qf4 91. Qd5+ Ke7 92. Qc5+ Kd7 93. Qh5 Ke7 94. Kh8 Qd4 95. Qg5+ Kf7 96. Qf5+ Ke7 97. Qf8+ Kd7 98. Qf7+ Kd8 99. Qe6 Qh4+ 100. Kg8 Qd4 101. Kf7 Qa7+ 102. Kg6 Qg1+ 103. Kf6 Qf2+ 104. Qf5 Qb6+ 105. Kf7 Qb3+ 106. Kg6 1-0

[Event "Aix en Provence Imaweb 1st"]
[Site "Aix en Provence"]
[Date "2023.08.11"]
[Round "6"]
[White "Livaic, Leon"]
[Black "Rodshtein, Maxim"]
[Result "1/2-1/2"]
[WhiteElo "2558"]
[BlackElo "2606"]
[PlyCount "179"]
[EventDate "2023.08.07"]
[EventType "tourn"]
[EventRounds "9"]
[EventCountry "FRA"]
[EventCategory "13"]
[SourceTitle "CBM 215 Extra"]
[Source "ChessBase"]
[SourceDate "2023.09.30"]
[SourceVersion "1"]
[SourceVersionDate "2023.09.30"]
[SourceQuality "1"]

1. e4 c5 2. Nf3 e6 3. d3 Nc6 4. g3 d5 5. Nbd2 Nf6 6. Bg2 Be7 7. 0-0 0-0 8. Re1 Qc7 9. e5 Nd7 10. Qe2 b5 11. Nf1 a5 12. h4 b4 13. h5 h6 14. Bf4 Rd8 15. g4 Nf8 16. Qd2 Nh7 17. N1h2 a4 18. Kh1 Rf8 19. g5 hxg5 20. Nxg5 Nxg5 21. Bxg5 f6 22. exf6 Bxf6 23. h6 Bxg5 24. Qxg5 Rf5 25. Qh4 Qf7 26. Bf3 Qf6 27. Qg3 Qxh6 28. Bg4 Rf7 29. Kg2 Nd4 30. c3 Nc2 31. Rh1 Qf4 32. Rac1 b3 33. Nf3 Qxg3+ 34. Kxg3 Rf6 35. Ne5 d4 36. axb3 axb3 37. cxd4 cxd4 38. Rh5 Rh6 39. Rxh6 gxh6 40. Bd1 Ra5 41. Bxc2 Rc5 42. Nc4 bxc2 43. Rxc2 Bb7 44. f4 Rb5 45. Ne5 Rb3 46. Kg4 Ba6 47. Rd2 Kg7 48. f5 Rb5 49. Kf4 Kf6 50. Ng4+ Ke7 51. Nxh6 Rb3 52. Ke4 Bxd3+ 53. Rxd3 Rxb2 54. Ng8+ Kf7 55. Nh6+ Ke7 56. Rxd4 exf5+ 57. Nxf5+ Kf6 58. Rd6+ Kg5 59. Nd4 Rb1 60. Nf3+ Kg4 61. Rg6+ Kh5 62. Rg8 Kh6 63. Kf5 Kh7 64. Rg3 Rb5+ 65. Ke4 Rb4+ 66. Nd4 Kh6 67. Ke5 Ra4 68. Ne6 Kh5 69. Rg1 Ra5+ 70. Ke4 Ra4+ 71. Nd4 Kh4 72. Ke5 Kh5 73. Nf3 Rg4 74. Ra1 Kg6 75. Ra8 Rb4 76. Nd4 Rb1 77. Ra6+ Kg5 78. Nf3+ Kg4 79. Rf6 Rb5+ 80. Ke4 Rb4+ 81. Nd4 Kg5 82. Ra6 Rc4 83. Kd5 Rc1 84. Ra8 Rd1 85. Rf8 Kg4 86. Ke4 Re1+ 87. Kd3 Rd1+ 88. Ke3 Re1+ 89. Kf2 Ra1 90. Ke3 1/2-1/2

[Event "Krakow Euro Pairs Blitz Qual"]
[Site "Krakow"]
[Date "2023.06.19"]
[Round "5.4"]
[White "Bok, Benjamin"]
[Black "Rodshtein, Maxim"]
[Result "1-0"]
[WhiteElo "2615"]
[BlackElo "2604"]
[PlyCount "91"]
[EventDate "2023.06.19"]
[EventType "tourn (blitz)"]
[EventRounds "7"]
[EventCountry "POL"]
[EventCategory "17"]
[SourceTitle "CBM 214 Extra"]
[Source "ChessBase"]
[SourceDate "2023.07.31"]
[SourceVersion "1"]
[SourceVersionDate "2023.07.31"]
[SourceQuality "1"]
[WhiteTeam "Netherlands"]
[BlackTeam "Israel"]
[WhiteTeamCountry "NED"]
[BlackTeamCountry "ISR"]

1. d4 Nf6 2. c4 e6 3. Nc3 Bb4 4. Qc2 d5 5. a3 Bxc3+ 6. Qxc3 0-0 7. Bg5 h6 8. Bxf6 Qxf6 9. Nf3 dxc4 10. Qxc4 Nc6 11. Qc3 Re8 12. Rd1 Bd7 13. e3 Rad8 14. Be2 e5 15. d5 Ne7 16. Qxe5 Qxe5 17. Nxe5 Ba4 18. Rd4 Bb3 19. Bb5 c6 20. dxc6 Rxd4 21. exd4 bxc6 22. Bd3 c5 23. Kd2 cxd4 24. Rc1 Nd5 25. g3 g5 26. Nc6 Ba4 27. Nxa7 Rb8 28. Rc8+ Rxc8 29. Nxc8 Kg7 30. Nd6 Kf6 31. Nf5 Ke5 32. Nxh6 f6 33. Ng4+ Ke6 34. Bc4 f5 35. Nf6 Kxf6 36. Bxd5 Ke5 37. Bg2 g4 38. f4+ gxf3 39. Bxf3 Bb3 40. h4 Ba4 41. b4 Bb5 42. Be2 Ba4 43. h5 Kf6 44. b5 Kg5 45. b6 Bc6 46. a4 1-0

[Event "Krakow Euro Pairs Blitz Qual"]
[Site "Krakow"]
[Date "2023.06.19"]
[Round "3.3"]
[White "Santos Latasa, Jaime"]
[Black "Rodshtein, Maxim"]
[Result "1-0"]
[WhiteElo "2653"]
[BlackElo "2604"]
[PlyCount "130"]
[EventDate "2023.06.19"]
[EventType "tourn (blitz)"]
[EventRounds "7"]
[EventCountry "POL"]
[EventCategory "17"]
[SourceTitle "CBM 214 Extra"]
[Source "ChessBase"]
[SourceDate "2023.07.31"]
[SourceVersion "1"]
[SourceVersionDate "2023.07.31"]
[SourceQuality "1"]
[WhiteTeam "Spain"]
[BlackTeam "Israel"]
[WhiteTeamCountry "ESP"]
[BlackTeamCountry "ISR"]

1. Nf3 d5 2. e3 Nf6 3. c4 e6 4. b3 b6 5. Bb2 Bb7 6. cxd5 exd5 7. g3 Bd6 8. Bg2 0-0 9. 0-0 Re8 10. Nc3 a6 11. d3 Nbd7 12. Re1 c5 13. Rc1 Rc8 14. d4 b5 15. dxc5 Nxc5 16. Nd4 Bf8 17. Nce2 g6 18. Nf4 Nce4 19. Re2 Qa5 20. Rec2 Rxc2 21. Rxc2 b4 22. Nc6 Qb5 23. Bxf6 Nxf6 24. Nxd5 Nxd5 25. Qxd5 Rc8 26. Qxb5 axb5 27. Nd4 Rxc2 28. Nxc2 Bc8 29. Nd4 Bc5 30. Nxb5 Bf5 31. Nd4 Bb1 32. Bd5 Bxa2 33. Kf1 Kg7 34. Bc4 Bb1 35. Ke2 Be4 36. f3 Bb7 37. Nc2 Kf6 38. Ne1 Ke7 39. Nd3 Bd6 40. e4 f6 41. Ke3 h5 42. f4 g5 43. fxg5 fxg5 44. e5 Bc7 45. Kd4 Bb6+ 46. Nc5 Bg2 47. Be2 h4 48. Kc4 Bc7 49. Nd3 Bb6 50. gxh4 gxh4 51. Nxb4 Bg1 52. Nd5+ Kd7 53. Bg4+ Kc6 54. Nb4+ Kb6 55. h3 Kc7 56. Nd5+ Kc6 57. Nf4 Be4 58. e6 Kd6 59. b4 Bb7 60. b5 Be3 61. Nd3 Bd5+ 62. Kc3 Bb6 63. Nb2 Ba5+ 64. Kd3 Ke7 65. Nc4 Bc7 1-0

[Event "Krakow Euro Pairs Blitz Qual"]
[Site "Krakow"]
[Date "2023.06.19"]
[Round "1.2"]
[White "Shevchenko, Kirill"]
[Black "Rodshtein, Maxim"]
[Result "1-0"]
[WhiteElo "2694"]
[BlackElo "2604"]
[PlyCount "95"]
[EventDate "2023.06.19"]
[EventType "tourn (blitz)"]
[EventRounds "7"]
[EventCountry "POL"]
[EventCategory "17"]
[SourceTitle "CBM 214 Extra"]
[Source "ChessBase"]
[SourceDate "2023.07.31"]
[SourceVersion "1"]
[SourceVersionDate "2023.07.31"]
[SourceQuality "1"]
[WhiteTeam "Romania"]
[BlackTeam "Israel"]
[WhiteTeamCountry "ROU"]
[BlackTeamCountry "ISR"]

1. e4 e5 2. Nf3 Nc6 3. Bb5 Nf6 4. 0-0 Nxe4 5. d4 Nd6 6. Ba4 exd4 7. c3 Be7 8. cxd4 0-0 9. Re1 b5 10. Bb3 Bf6 11. Nc3 Nf5 12. Re4 Bb7 13. d5 Nce7 14. Nxb5 c6 15. Nc3 Bxc3 16. bxc3 cxd5 17. Re1 Rc8 18. Ba3 Re8 19. Qd3 d6 20. Bc2 Qa5 21. Bb4 Qa6 22. Rxe7 Nxe7 23. Qxh7+ Kf8 24. Ng5 Ng8 25. Qh8 Rcd8 26. Nh7+ Ke7 27. Qxg7 Qe2 28. Bg6 Kd7 29. Qxf7+ Re7 30. Qf5+ Kc6 31. h4 Re5 32. Qf4 Ne7 33. Bf7 Rf5 34. Qd4 Rxf7 35. Ng5 Rf5 36. c4 dxc4 37. Re1 Qd3 38. Qg7 Nd5 39. Ne6 Nxb4 40. Qc7+ Kb5 41. Qxb7+ Ka5 42. Qc7+ Ka4 43. Qxd8 Qd2 44. Qd7+ Ka3 45. Qxa7+ Kb2 46. Rf1 c3 47. a3 Nd3 48. Qb6+ 1-0

[Event "FRA-chT Top 16 GpA"]
[Site "Chartres"]
[Date "2023.06.05"]
[Round "5.3"]
[White "Rodshtein, Maxim"]
[Black "Dorfman, Josif D"]
[Result "1/2-1/2"]
[WhiteElo "2606"]
[BlackElo "2541"]
[PlyCount "95"]
[EventDate "2023.06.01"]
[EventType "team-tourn"]
[EventRounds "7"]
[EventCountry "FRA"]
[SourceTitle "CBM 214 Extra"]
[Source "ChessBase"]
[SourceDate "2023.07.31"]
[SourceVersion "1"]
[SourceVersionDate "2023.07.31"]
[SourceQuality "1"]
[WhiteTeam "Bischwiller"]
[BlackTeam "Chalon"]
[WhiteTeamCountry "FRA"]
[BlackTeamCountry "FRA"]

1. e4 e5 2. Nf3 Nc6 3. Bb5 a6 4. Ba4 Nf6 5. d3 d6 6. c3 Be7 7. 0-0 0-0 8. h3 Re8 9. Re1 h6 10. Nbd2 Bf8 11. Nf1 b5 12. Bc2 d5 13. exd5 Qxd5 14. Ng3 Bb7 15. Bd2 Rad8 16. b4 a5 17. a3 axb4 18. axb4 Ra8 19. Rxa8 Rxa8 20. Qb1 Ra3 21. Qc1 Ra2 22. Bb1 Ra8 23. Qb2 Bd6 24. Be3 Ne7 25. Ne4 Nxe4 26. dxe4 Qc6 27. Bd3 Qa6 28. Nd2 c6 29. Nb3 Qa2 30. Qxa2 Rxa2 31. Rd1 Bc8 32. Bxb5 cxb5 33. Rxd6 Be6 34. Nc5 Bc4 35. Rd8+ Kh7 36. Nd7 f6 37. Nb6 Rc2 38. Rd7 Ng6 39. Nxc4 bxc4 40. b5 Rxc3 41. b6 Rb3 42. g3 c3 43. Kf1 Nf8 44. Rc7 Ne6 45. Ke2 Nd4+ 46. Bxd4 exd4 47. Kd3 Rxb6 48. Kxd4 1/2-1/2

[Event "Titled Tuesday intern op 16th May Late"]
[Site "Chess.com INT"]
[Date "2023.05.16"]
[Round "4"]
[White "Caruana, Fabiano"]
[Black "Rodshtein, Maxim"]
[Result "1-0"]
[WhiteElo "2764"]
[BlackElo "2606"]
[PlyCount "47"]
[EventDate "2023.05.16"]
[EventType "swiss (blitz)"]
[EventRounds "11"]
[EventCountry "USA"]
[SourceTitle "CBM 214 Extra"]
[Source "ChessBase"]
[SourceDate "2023.07.31"]
[SourceVersion "1"]
[SourceVersionDate "2023.07.31"]
[SourceQuality "1"]

1. e4 e6 2. d4 d5 3. exd5 exd5 4. Bd3 c6 5. Nf3 Bd6 6. 0-0 Ne7 7. c4 0-0 8. Nc3 dxc4 9. Bxc4 Nd7 10. h3 Nb6 11. Bb3 h6 12. Re1 Bf5 13. Ne5 Nbd5 14. Qh5 Bxe5 15. dxe5 Nxc3 16. bxc3 Bg6 17. Qg4 Nd5 18. Ba3 Re8 19. c4 Nc7 20. Bd6 Ne6 21. c5 Qa5 22. Rad1 Kh8 23. f4 Nxc5 24. f5 1-0

[Event "Titled Tuesday intern op 16th May Early"]
[Site "Chess.com INT"]
[Date "2023.05.16"]
[Round "3"]
[White "Doshi, Moksh Amitbhai"]
[Black "Rodshtein, Maxim"]
[Result "0-1"]
[WhiteElo "2401"]
[BlackElo "2606"]
[PlyCount "66"]
[EventDate "2023.05.16"]
[EventType "swiss (blitz)"]
[EventRounds "11"]
[EventCountry "USA"]
[SourceTitle "CBM 214 Extra"]
[Source "ChessBase"]
[SourceDate "2023.07.31"]
[SourceVersion "1"]
[SourceVersionDate "2023.07.31"]
[SourceQuality "1"]

1. d4 Nf6 2. c4 e6 3. Nf3 d5 4. Nc3 a6 5. cxd5 exd5 6. Bg5 Be6 7. e3 Nbd7 8. Bd3 h6 9. Bf4 Nh5 10. Bg3 c6 11. Qb3 Nxg3 12. hxg3 b5 13. Ne2 c5 14. Qc2 Rc8 15. dxc5 Nxc5 16. 0-0 Bd6 17. Nfd4 0-0 18. Rac1 Qf6 19. Nxe6 fxe6 20. Nf4 Bxf4 21. gxf4 Nxd3 22. Qxd3 Qxb2 23. Rxc8 Rxc8 24. f5 Qc2 25. Qa3 Qc6 26. fxe6 Qxe6 27. Rd1 Rc4 28. Qd3 Ra4 29. Rd2 Qe4 30. Qb3 Rc4 31. Qa3 Rc6 32. Qb3 Rc1+ 33. Kh2 Qh4# 0-1

[Event "Titled Tuesday intern op 16th May Early"]
[Site "Chess.com INT"]
[Date "2023.05.16"]
[Round "1"]
[White "Jimenez Almeida, Luis David"]
[Black "Rodshtein, Maxim"]
[Result "0-1"]
[WhiteElo "2242"]
[BlackElo "2606"]
[PlyCount "62"]
[EventDate "2023.05.16"]
[EventType "swiss (blitz)"]
[EventRounds "11"]
[EventCountry "USA"]
[SourceTitle "CBM 214 Extra"]
[Source "ChessBase"]
[SourceDate "2023.07.31"]
[SourceVersion "1"]
[SourceVersionDate "2023.07.31"]
[SourceQuality "1"]

1. e4 e6 2. d4 d5 3. e5 c5 4. c3 Nc6 5. Nf3 Bd7 6. Be2 Nge7 7. Na3 Ng6 8. Nc2 Be7 9. 0-0 0-0 10. a3 Rc8 11. b4 cxd4 12. cxd4 f6 13. Bb2 Nf4 14. Re1 fxe5 15. dxe5 Qe8 16. Bf1 Qh5 17. Nfd4 Qh6 18. Nxc6 bxc6 19. Bd4 a5 20. bxa5 c5 21. Be3 d4 22. Bd2 Bc6 23. Qg4 Rf5 24. g3 Nh3+ 25. Bxh3 Qxd2 26. Qe2 Qxe2 27. Rxe2 d3 28. Bxf5 exf5 29. Rd2 dxc2 30. Rxc2 Ra8 31. Rb1 Be4 0-1

[Event "Titled Tuesday intern op 16th May Late"]
[Site "Chess.com INT"]
[Date "2023.05.16"]
[Round "9"]
[White "Rodshtein, Maxim"]
[Black "Naroditsky, Daniel"]
[Result "0-1"]
[WhiteElo "2606"]
[BlackElo "2618"]
[PlyCount "72"]
[EventDate "2023.05.16"]
[EventType "swiss (blitz)"]
[EventRounds "11"]
[EventCountry "USA"]
[SourceTitle "CBM 214 Extra"]
[Source "ChessBase"]
[SourceDate "2023.07.31"]
[SourceVersion "1"]
[SourceVersionDate "2023.07.31"]
[SourceQuality "1"]

1. c4 g6 2. e4 Bg7 3. d4 d6 4. Nc3 Nf6 5. Nge2 0-0 6. Ng3 c6 7. Be2 Nbd7 8. Be3 a6 9. a4 a5 10. 0-0 e5 11. d5 Nc5 12. Rb1 h5 13. f3 h4 14. Nh1 Nh5 15. Nf2 Nf4 16. Kh1 Qg5 17. Rg1 Qh5 18. b4 axb4 19. Rxb4 h3 20. g4 Qh4 21. Bf1 Bf6 22. Rg3 Kg7 23. Nxh3 Rh8 24. Qd2 g5 25. Kg1 Bd7 26. dxc6 Bxc6 27. Qxd6 Ncd3 28. Rb1 Rad8 29. Qa3 Nxh3+ 30. Rxh3 Qxh3 31. Bxh3 Rxh3 32. Kg2 Rdh8 33. Rh1 Bd7 34. Nd5 Bxg4 35. fxg4 Nf4+ 36. Kg1 Rf3 0-1

[Event "Titled Tuesday intern op 09th May Early"]
[Site "Chess.com INT"]
[Date "2023.05.09"]
[Round "7"]
[White "Bortnyk, Olexandr"]
[Black "Rodshtein, Maxim"]
[Result "1-0"]
[WhiteElo "2605"]
[BlackElo "2606"]
[PlyCount "81"]
[EventDate "2023.05.09"]
[EventType "swiss (blitz)"]
[EventRounds "11"]
[EventCountry "USA"]
[SourceTitle "CBM 214 Extra"]
[Source "ChessBase"]
[SourceDate "2023.07.31"]
[SourceVersion "1"]
[SourceVersionDate "2023.07.31"]
[SourceQuality "1"]

1. d4 Nf6 2. Nc3 d5 3. Bf4 e6 4. Nb5 Bb4+ 5. c3 Ba5 6. a4 a6 7. b4 Bb6 8. a5 axb5 9. axb6 Rxa1 10. Qxa1 Na6 11. bxc7 Nxc7 12. Qa5 Na6 13. Qxb5+ Qd7 14. e3 0-0 15. Qxd7 Bxd7 16. b5 Nb8 17. f3 Rc8 18. Kd2 Be8 19. Bd3 Nbd7 20. Ne2 Nb6 21. Ra1 Nc4+ 22. Bxc4 dxc4 23. Ra7 Bxb5 24. Rxb7 Bc6 25. Rb8 Rxb8 26. Bxb8 Nd7 27. Bd6 f5 28. h4 Kf7 29. Ng3 g6 30. e4 Nf6 31. Ke3 fxe4 32. fxe4 h6 33. Bf4 Ng4+ 34. Kf3 Nh2+ 35. Ke2 Ng4 36. Bc1 Nf6 37. Kf3 Kg7 38. Bf4 Nd7 39. Nf1 Kh7 40. Nd2 Nf6 41. Be5 1-0

[Event "Titled Tuesday intern op 09th May Late"]
[Site "Chess.com INT"]
[Date "2023.05.09"]
[Round "8"]
[White "Pranav, V."]
[Black "Rodshtein, Maxim"]
[Result "1-0"]
[WhiteElo "2597"]
[BlackElo "2606"]
[PlyCount "125"]
[EventDate "2023.05.09"]
[EventType "swiss (blitz)"]
[EventRounds "11"]
[EventCountry "USA"]
[SourceTitle "CBM 214 Extra"]
[Source "ChessBase"]
[SourceDate "2023.07.31"]
[SourceVersion "1"]
[SourceVersionDate "2023.07.31"]
[SourceQuality "1"]

1. e4 c5 2. Nf3 Nc6 3. Bb5 e6 4. Bxc6 bxc6 5. 0-0 d6 6. d4 cxd4 7. Nxd4 c5 8. Nb3 Nf6 9. Re1 Qc7 10. c4 Bb7 11. Nc3 a6 12. Bf4 Nd7 13. Qg4 h5 14. Qh3 Be7 15. Qe3 f6 16. h3 g5 17. Bh2 Ne5 18. Nd2 g4 19. Rad1 Kf7 20. h4 Bf8 21. b3 Ng6 22. Bg3 Bh6 23. Qd3 Rad8 24. Nf1 Ne5 25. Qc2 Bc6 26. Ne3 Qa5 27. Kh2 Rd7 28. Kg1 Qb4 29. Kh2 Rdd8 30. Kg1 Qb7 31. Kh2 Kg7 32. Nf1 Qe7 33. Kg1 Bb7 34. Ne3 Qf7 35. Nf1 Qg6 36. Qb1 Rd7 37. Na4 Rhd8 38. Nc3 Nc6 39. Ne2 e5 40. Ne3 Bxe3 41. fxe3 Ne7 42. Nc3 f5 43. Rf1 Bxe4 44. Nxe4 fxe4 45. Kh2 Kh7 46. Rd2 Rg8 47. Rdf2 Qh6 48. Qxe4+ Qg6 49. Rf7+ Rg7 50. Rxg7+ Kxg7 51. Qa8 Kh7 52. Qf8 Ng8 53. e4 Nh6 54. a3 Rf7 55. Rxf7+ Nxf7 56. b4 Qg7 57. Qe7 cxb4 58. axb4 Qg6 59. c5 dxc5 60. bxc5 Kh6 61. Bxe5 Qxe4 62. Bg7+ Kxg7 63. Qxe4 1-0

[Event "Titled Tuesday intern op 09th May Early"]
[Site "Chess.com INT"]
[Date "2023.05.09"]
[Round "2"]
[White "Richter, Paul"]
[Black "Rodshtein, Maxim"]
[Result "0-1"]
[WhiteElo "2171"]
[BlackElo "2606"]
[PlyCount "56"]
[EventDate "2023.05.09"]
[EventType "swiss (blitz)"]
[EventRounds "11"]
[EventCountry "USA"]
[SourceTitle "CBM 214 Extra"]
[Source "ChessBase"]
[SourceDate "2023.07.31"]
[SourceVersion "1"]
[SourceVersionDate "2023.07.31"]
[SourceQuality "1"]

1. e4 c5 2. Nf3 d6 3. d4 cxd4 4. Nxd4 Nf6 5. Nc3 a6 6. Be2 e6 7. Be3 Be7 8. g4 Nc6 9. g5 Nd7 10. h4 Qc7 11. Qd2 b5 12. a3 Nce5 13. 0-0-0 Rb8 14. h5 Nb6 15. b3 d5 16. Kb2 b4 17. Nb1 bxa3+ 18. Ka2 dxe4 19. g6 Nd5 20. gxf7+ Kxf7 21. c4 Nb4+ 22. Ka1 Rd8 23. Nc3 Bb7 24. Qc1 Bf6 25. Rhg1 Ned3 26. Bxd3 exd3 27. Rg4 Bxd4 28. Bxd4 Rxd4 0-1

[Event "Titled Tuesday intern op 09th May Late"]
[Site "Chess.com INT"]
[Date "2023.05.09"]
[Round "7"]
[White "Rodshtein, Maxim"]
[Black "Karttunen, Mika"]
[Result "1-0"]
[WhiteElo "2606"]
[BlackElo "2490"]
[PlyCount "45"]
[EventDate "2023.05.09"]
[EventType "swiss (blitz)"]
[EventRounds "11"]
[EventCountry "USA"]
[SourceTitle "CBM 214 Extra"]
[Source "ChessBase"]
[SourceDate "2023.07.31"]
[SourceVersion "1"]
[SourceVersionDate "2023.07.31"]
[SourceQuality "1"]

1. d4 Nf6 2. Nf3 d5 3. e3 e6 4. Nbd2 c5 5. a3 Nc6 6. dxc5 Bxc5 7. b4 Bd6 8. c4 a5 9. b5 Ne7 10. Bb2 Ng6 11. Be2 0-0 12. 0-0 b6 13. cxd5 exd5 14. Nd4 Be6 15. Rc1 Re8 16. Nc6 Qc7 17. Bxf6 Bxh2+ 18. Kh1 gxf6 19. f4 Bxf4 20. exf4 Nxf4 21. Rc3 Qd6 22. Ne4 dxe4 23. Rg3+ 1-0